000 00739nam a2200253Ia 4500
003 OSt
005 20220918221642.0
006 a|||||r|||| 00| 0
007 ta
008 220917b |||||||| |||| 00| 0 eng d
024 _a202,382
037 _cTextual
040 _aARTS
_cARTS
_beng
041 _2eng
_aeng
082 _aS:86.3, P0
100 _aRowland Nancy Ed.
_9141113
245 0 _aEvidence-based counselling and psychological therapies
_b Research and applications
260 _aLondon
_bRoutledge
_c2000
300 _axvi, 216 p
_ccm.
650 _aPSYCHOLOGY
700 _a Goss Stephen Ed.
_9141114
942 _hS:86.3, P0
_cTEXL
_2CC
999 _c273270
_d273270